000 00603nam a2200193Ia 4500
003 LDD
008 181029s9999 xx 000 0 und d
020 _a8189640070
_c545.00
040 _cLDD
100 _aChambers, W. Bradnee
245 0 _aReforming international environmental governance
_bfrom Instituional limits to in
_cW. Bradnee Chambers
260 _aNew Delhi
_bBookwell
_c2006
300 _axi, 234p
365 _b545.00
901 _a3420
_b02-11-2006
902 _aG-400/06-07
_b15-11-2006
_cF
_dMPD
_e32
903 _aDiscount-10
_bReqst by : Narang A.S. (Dr.)
942 _2ddc
_cBK
999 _c76537
_d76537